000 00477nam a2200157 i 4500
001 58460
003 ES-MaACL
005 20230906163820.0
007 t|
008 031022s1966 sp ||||1| spa d
100 1 _aDuyos Giorgeta, Rafael.
_946395
245 1 3 _aLa hora décima
_b: versos de un novicio de la Compañía de María /
_cRafael Duyos Giorgeta.
260 _aMadrid :
_bS.M.,
_c[1966]
300 _a180 p., 4 lám. ;
_c20 cm.
852 _aES-MaACL
_jC-31651
_bR.62143
999 _c58460
_d58460